Statistics for 山手線の駅

Click here to take the quiz!

General Stats

  • This quiz has been taken 30 times
  • The average score is 20 of 25

Answer Stats

答え% Correct
品川
100%
新宿
100%
目黒
100%
巣鴨
100%
目白
100%
駒込
96%
大崎
96%
高田馬場
96%
池袋
96%
代々木
96%
原宿
96%
渋谷
96%
恵比寿
96%
五反田
96%
新大久保
91%
大塚
91%
田端
78%
新神戸
57%
三宮
57%
新長田
52%
大倉山
43%
湊川公園
43%
長田
39%
県庁前
35%
上沢
30%

Score Distribution

Percentile by Number Answered

Percent of People with Each Score

Your Score History

You have not taken this quiz